000 00417nam a2200145Ia 4500
008 240729s9999 xx 000 0 und d
022 _a2598-1145
245 0 _aInternational Journal of Agricultural Sciences
260 _aIndonesia
260 _bGraduate Program, Andalas University
650 _aAgriculture
856 _uhttps://doaj.org/toc/082357740f9f49f792462a33abc191f5
942 _2ddc
942 _cDOAJEJ
999 _c65742
_d65742
945 _a1
_bMadushi Gamage
_c1
_dMadushi Gamage